000 00532nmm a2200157Ia 4500
008 251105s9999||||xx |||||||||||||||||und||
020 _a9786078831142
041 _aspa
100 _aCárdenas Gómez, Erika Patricia, (coord.)
245 0 _aAnálisis de las políticas públicas, programas y acciones en turismo en México
264 _a[México D.C., Mexico] :
_bEl Colegio de Jalisco,
_c2022
300 _a281 páginas
490 _aTemas de Estudio
856 _uhttps://public.digitaliapublishing.com/a/172221
942 _cCF
999 _c75923
_d75923